000 00335nam a2200109Ia 4500
008 171204s9999 xx 000 0 und d
245 2 _aA Landscape of Travel: The Work of Tourism in Rural Ethnic China
245 _cJenny T. Chio
260 _c2014
650 _xDOMESTIC TOURISM
856 _uhttp://down.ebook777.com/036/0295993669.pdf
999 _c346649
_d346649